000 00614nam a2200241Ia 4500
003 OSt
005 20221005081532.0
006 a|||||r|||| 00| 0
007 ta
008 221004b |||||||| |||| 00| 0 eng d
024 _a66757
037 _cTextual
040 _aCRL
_cCRL
_beng
041 _2eng
_aeng
082 _aV58:19491.N, M6
100 _aMaprayil Cyriac
245 0 _aSoviets and Afghanistan
260 _aNew Delhi
_bReliance
_c1986
300 _a118p.
_ccm.
650 _aHISTORY
942 _hV58:19491.N, M6
_cTEXL
_2cc
999 _c987830
_d987830